[Event "TUR-ch U07/12"]
[Site "Antalya"]
[Date "2023.01.26"]
[Round "8"]
[White "Uzunay, Omer Ata"]
[Black "Deniz, Mustafa Ali"]
[Result "0-1"]
[WhiteElo "1278"]
[BlackElo "1698"]
[PlyCount "82"]
[EventDate "2023.01.17"]
[EventType "swiss"]
[EventRounds "10"]
[EventCountry "TUR"]
[SourceTitle "EXT 2024"]
[Source "ChessBase"]
[SourceDate "2023.10.10"]
[SourceVersion "1"]
[SourceVersionDate "2023.10.10"]
[SourceQuality "1"]

1. d4 Nf6 2. Bf4 g6 3. e3 Bg7 4. Nf3 0-0 5. Be2 d6 6. c4 Nfd7 7. h3 e5 8. Bh2 Nc6 9. 0-0 Re8 10. Nc3 Nf8 11. Rc1 h5 12. a3 a5 13. d5 Nb8 14. b4 Nh7 15. Qb3 h4 16. Rfd1 e4 17. Nd2 Ng5 18. Bf4 Bf5 19. bxa5 Nd7 20. Qxb7 Nc5 21. Qb4 Rb8 22. Nb5 Bxh3 23. gxh3 Nxh3+ 24. Kg2 Nxf4+ 25. exf4 h3+ 26. Kg3 e3 27. Nf3 Ne4+ 28. Kh2 Nxf2 29. Rg1 Re4 30. Qb3 Qf6 31. Rcf1 Qxf4+ 32. Rg3 Bf6 33. Qc2 Kg7 34. Rfg1 Ng4+ 35. Kh1 h2 36. R1g2 Nf2+ 37. Rxf2 exf2 38. Rh3 Rxe2 39. Qxe2 Qc1+ 40. Kg2 Qg1+ 41. Nxg1 hxg1Q+ 0-1